Basic statistics for the behavioural sciences (Record no. 29012)

MARC details
000 -LEADER
fixed length control field 00328nam a2200121Ia 4500
082 ## - DEWEY DECIMAL CLASSIFICATION NUMBER
Classification number 031
Item number HOP
100 ## - MAIN ENTRY--AUTHOR NAME
Personal name GLASS, Gene V
245 #0 - TITLE STATEMENT
Title Basic statistics for the behavioural sciences
260 ## - PUBLICATION, DISTRIBUTION, ETC. (IMPRINT)
Place of publication New Jersey
Name of publisher Prentice Hall
Year of publication 1978
700 ## - ADDED ENTRY--PERSONAL NAME
Personal name HOPKINS, Kenneth D
942 ## - ADDED ENTRY ELEMENTS (KOHA)
Koha item type Books
Holdings
Withdrawn status Lost status Damaged status Not for loan Home library Current library Date acquired Full call number Accession Number Koha item type
        RRII Library RRII Library 16/12/2021 031 HOP 09602 Books